Central Library and Information Centre
Sibsagar Girls' College, Sivasagar : Assam

ARTHROPODA (Record no. 8453)

MARC details
000 -LEADER
fixed length control field 00373cam a2200169ua 4500
008 - FIXED-LENGTH DATA ELEMENTS--GENERAL INFORMATION
fixed length control field 060101n II |||gr||||Z||||||eng
040 ## - CATALOGING SOURCE
Original cataloging agency MAIN
041 ## - LANGUAGE CODE
-- English
082 ## - DEWEY DECIMAL CLASSIFICATION NUMBER
Classification number 595 KOT
100 ## - MAIN ENTRY--PERSONAL NAME
Personal name KOTPAL, R.L.
245 ## - TITLE STATEMENT
Title ARTHROPODA
260 ## - PUBLICATION, DISTRIBUTION, ETC.
Place of publication, distribution, etc. MEERUT:
Name of publisher, distributor, etc. RASTOGI PUBLICATION,
Date of publication, distribution, etc. 1995.
300 ## - PHYSICAL DESCRIPTION
Extent 484:
Dimensions 17CM.
942 ## - ADDED ENTRY ELEMENTS (KOHA)
Koha item type Books
653 ## - INDEX TERM--UNCONTROLLED
Uncontrolled term Arthropods
Holdings
Withdrawn status Lost status Damaged status Not for loan Collection code Home library Current library Shelving location Date acquired Full call number Barcode Date last seen Copy number Price effective from Koha item type
        REFZOO Central Library and Information Centre Sibsagar Girls College Central Library and Information Centre Sibsagar Girls College Zoology Rack 23.06.1998 595 KOT 15703 27.02.2020 1 27.02.2020 Books


Sibsagar Girl's College © 2020. All rights reserved.
Powered by Koha.
Maintained by Abhijit Borpuzari.